[Event "Ungdoms-DM U10 2024"]
[Site "Odense"]
[Date "2024.10.05"]
[Round "1.7"]
[White "Stallknecht, Noah"]
[Black "Mikkelsen, Anders Askjaer"]
[Result "0-1"]
[WhiteElo "1500"]
[BlackElo "1775"]
[WhiteFideId "1483048"]
[BlackFideId "1477765"]
[EventDate "2024.10.05"]
[EventType "swiss"]
[EventRounds "7"]
[EventCountry "DEN"]
[SourceTitle "Live v. Kasper Jerwiarz"]

1. d4 Nf6 2. Bg5 c6 3. Bxf6 exf6 4. Nc3 d5 5. g3 Bd6 6. Nf3 O-O 7. Nh4 f5 8. Nf3 Re8 9. Qd2 a5 10. Ng5 f4 11. gxf4 Qf6 12. e3 Bxf4 13. e4 Bxd2+ 14. Kxd2 Qxg5+ 15. f4 Qxf4+ 16. Kd1 Qf3+ 17. Be2 Qxh1+ 18. Kd2 Qxa1 19. Bg4 Bxg4 20. Nb1 Qxb1 21. c3 Rxe4 22. c4 Bd1 23. cxd5 Qc2# 0-1

[Event "Ungdoms-DM U10 2024"]
[Site "Odense"]
[Date "2024.10.05"]
[Round "1.8"]
[White "Jacobsen, Samuel Bro"]
[Black "Kaiser, Robin Orting"]
[Result "1-0"]
[WhiteElo "1840"]
[BlackElo "1500"]
[WhiteFideId "1480740"]
[EventDate "2024.10.05"]
[EventType "swiss"]
[EventRounds "7"]
[EventCountry "DEN"]
[SourceTitle "Live v. Kasper Jerwiarz"]

1. e4 g6 2. d4 Bg7 3. Nf3 Nf6 4. Nc3 O-O 5. Bc4 e6 6. O-O Qe7 7. Bg5 h6 8. Bh4 Nc6 9. e5 Ng4 10. Bxe7 Nxe7 11. h3 b6 12. hxg4 Bb7 13. d5 exd5 14. Nxd5 Rfe8 15. Nf6+ Bxf6 16. exf6 Nc6 17. Qd2 d6 18. Qxh6 Nb4 19. Qxg6+ Kh8 20. Qg7# 1-0

[Event "Ungdoms-DM U10 2024"]
[Site "Odense"]
[Date "2024.10.05"]
[Round "1.9"]
[White "Jorgensen, August Ronbak"]
[Black "Elnegaard, Tristan Lund"]
[Result "0-1"]
[WhiteElo "1509"]
[BlackElo "1765"]
[WhiteFideId "1483153"]
[BlackFideId "1480707"]
[EventDate "2024.10.05"]
[EventType "swiss"]
[EventRounds "7"]
[EventCountry "DEN"]
[SourceTitle "Live v. Kasper Jerwiarz"]

1. e4 e6 2. d4 d5 3. Nc3 Nf6 4. e5 Nfd7 5. Nf3 c5 6. Be3 cxd4 7. Bxd4 Nc6 8. Bb5 Be7 9. O-O O-O 10. Re1 a6 11. Ba4 Nxd4 12. Qxd4 b5 13. Bb3 Qb6 14. Qxb6 Nxb6 15. Rad1 Bd7 16. Ne2 Nc4 17. Bxc4 bxc4 18. Ng3 Rab8 19. b3 Bb4 20. Re3 Rfc8 21. bxc4 Rxc4 22. Rb1 Rbc8 23. Reb3 Be7 24. Rb7 R4c7 25. Nd4 Bc5 26. Rxc7 Rxc7 27. Rb8+ Rc8 28. Rxc8+ Bxc8 29. Nc6 Bd7 30. Na5 Bd4 31. c4 Bxe5 32. cxd5 exd5 33. Kf1 Bb5+ 34. Ke1 Bc3+ 35. Kd1 Bxa5 36. Kc2 Be1 37. Nh1 Bf1 38. Kd1 Bxg2 39. Kxe1 Bxh1 40. Ke2 f5 41. f3 d4 42. f4 Be4 43. Kd2 h6 44. a3 g5 45. fxg5 hxg5 46. Ke2 f4 47. Kf2 d3 48. Ke1 Bf3 49. h4 g4 50. Kd2 Be2 51. a4 f3 52. Ke1 g3 53. h5 g2 0-1

[Event "Ungdoms-DM U10 2024"]
[Site "Odense"]
[Date "2024.10.05"]
[Round "1.10"]
[White "Hagen, Frida Bjerregaard"]
[Black "Trampedach, Elliot Thomsen"]
[Result "1-0"]
[WhiteElo "1607"]
[BlackElo "1465"]
[WhiteFideId "1472089"]
[BlackFideId "1483307"]
[EventDate "2024.10.05"]
[EventType "swiss"]
[EventRounds "7"]
[EventCountry "DEN"]
[SourceTitle "Live v. Kasper Jerwiarz"]

1. d4 b6 2. Nf3 Bb7 3. e3 Nc6 4. Be2 f6 5. O-O e6 6. b3 Nce7 7. Bb2 c6 8. Nbd2 Qc7 9. c4 d5 10. Rc1 e5 11. dxe5 fxe5 12. Nxe5 dxc4 13. Ndxc4 b5 14. Nd6+ Kd8 15. Nef7+ Kd7 16. Nxb5+ Kc8 17. Nxc7 Kxc7 18. Be5+ Kb6 19. Qd4+ c5 20. Qxc5# 1-0

[Event "Ungdoms-DM U10 2024"]
[Site "Odense"]
[Date "2024.10.05"]
[Round "2.7"]
[White "Mikkelsen, Anders Askjaer"]
[Black "Halgaard, Oliver Scott"]
[Result "1-0"]
[WhiteElo "1775"]
[BlackElo "1500"]
[WhiteFideId "1477765"]
[EventDate "2024.10.05"]
[EventType "swiss"]
[EventRounds "7"]
[EventCountry "DEN"]
[SourceTitle "Live v. Kasper Jerwiarz"]

1. e4 d6 2. d4 g6 3. Bc4 Bg7 4. Nf3 Nf6 5. Nc3 a6 6. e5 dxe5 7. Nxe5 e6 8. Bg5 Nbd7 9. Qe2 c6 10. Nxf7 Kxf7 11. Qxe6+ Kf8 12. Qf7# 1-0

[Event "Ungdoms-DM U10 2024"]
[Site "Odense"]
[Date "2024.10.05"]
[Round "2.8"]
[White "Elcer, Spencer Skoubo"]
[Black "Jacobsen, Samuel Bro"]
[Result "0-1"]
[WhiteElo "1534"]
[BlackElo "1840"]
[WhiteFideId "1480820"]
[BlackFideId "1480740"]
[EventDate "2024.10.05"]
[EventType "swiss"]
[EventRounds "7"]
[EventCountry "DEN"]
[SourceTitle "Live v. Kasper Jerwiarz"]

1. e4 c5 2. Nf3 Nc6 3. c3 d6 4. d4 cxd4 5. cxd4 Nf6 6. Nc3 g6 7. Be3 Bg7 8. Be2 O-O 9. O-O Ng4 10. Re1 Nxe3 11. fxe3 a6 12. d5 Ne5 13. a4 Qb6 14. Qd2 Bh6 15. Bd1 Nc4 16. Qd4 Bxe3+ 17. Rxe3 Qxd4 18. Nxd4 Nxe3 19. Be2 Bg4 20. Bxg4 Nxg4 21. a5 Rfc8 22. Nf3 Ne5 23. Na4 Nxf3+ 24. gxf3 Rc2 25. Nb6 Rd8 26. Rb1 e6 27. f4 Kg7 28. dxe6 fxe6 0-1

[Event "Ungdoms-DM U10 2024"]
[Site "Odense"]
[Date "2024.10.05"]
[Round "2.9"]
[White "Elnegaard, Tristan Lund"]
[Black "Berglund, Viktor Markvard"]
[Result "1-0"]
[WhiteElo "1765"]
[BlackElo "1437"]
[WhiteFideId "1480707"]
[BlackFideId "1481622"]
[EventDate "2024.10.05"]
[EventType "swiss"]
[EventRounds "7"]
[EventCountry "DEN"]
[SourceTitle "Live v. Kasper Jerwiarz"]

1. e4 c6 2. c4 d5 3. cxd5 cxd5 4. exd5 Qxd5 5. Nc3 Qd8 6. Nf3 Nc6 7. d4 Nf6 8. Bb5 Bd7 9. O-O e6 10. Re1 Bb4 11. Bg5 O-O 12. d5 exd5 13. Bxf6 Qxf6 14. Nxd5 Qxb2 15. Rb1 Qa3 16. Nxb4 Nxb4 17. Bxd7 Rad8 18. Qa4 Qxa4 19. Bxa4 Nxa2 20. Rxb7 Ra8 21. Ne5 Rfe8 22. Bxe8 Rxe8 23. Rxa7 Nc3 24. Nf3 Rd8 25. Rae7 Kf8 26. Ng5 g6 27. Rxf7+ Kg8 28. Rg7+ Kf8 29. Ne6+ Ke8 30. Rg8+ Ke7 31. Rxd8 Kf6 32. Nc5 Kg5 33. Ne4+ Nxe4 34. Rxe4 Kh6 35. Rd7 g5 36. g4 Kg6 37. Re6# 1-0

[Event "Ungdoms-DM U10 2024"]
[Site "Odense"]
[Date "2024.10.05"]
[Round "2.10"]
[White "Christensen, Otto Rohr"]
[Black "Hagen, Frida Bjerregaard"]
[Result "0-1"]
[WhiteElo "1500"]
[BlackElo "1607"]
[BlackFideId "1472089"]
[EventDate "2024.10.05"]
[EventType "swiss"]
[EventRounds "7"]
[EventCountry "DEN"]
[SourceTitle "Live v. Kasper Jerwiarz"]

1. e4 e6 2. Nf3 d5 3. exd5 exd5 4. Nc3 Nf6 5. d4 Bd6 6. Qe2+ Be6 7. Qd1 O-O 8. Bd3 c6 9. O-O Nbd7 10. Re1 Nb6 11. Bg5 h6 12. Bxh6 gxh6 13. Nd2 Nh7 14. Bxh7+ Kxh7 15. b3 Rg8 16. Nf3 Bh3 17. Qd3+ Kh8 18. g3 Qf6 19. a4 h5 20. a5 Nd7 21. Rad1 Bf5 22. Qe3 h4 23. Kg2 h3+ 24. Kf1 Bg4 25. Rd3 Bxf3 26. Qxf3 Qg6 27. Rde3 Nf6 28. Ne2 Ng4 29. Kg1 Nxe3 30. Nf4 Bxf4 31. Qxf4 Ng2 32. Qe5+ f6 33. Qc7 Nxe1 34. Qxb7 Qe4 35. Qxc6 Qg2# 0-1

[Event "Ungdoms-DM U10 2024"]
[Site "Odense"]
[Date "2024.10.05"]
[Round "3.7"]
[White "Hagen, Frida Bjerregaard"]
[Black "Mikkelsen, Anders Askjaer"]
[Result "1-0"]
[WhiteElo "1607"]
[BlackElo "1775"]
[WhiteFideId "1472089"]
[BlackFideId "1477765"]
[EventDate "2024.10.05"]
[EventType "swiss"]
[EventRounds "7"]
[EventCountry "DEN"]
[SourceTitle "Live v. Kasper Jerwiarz"]

1. d4 Nf6 2. Nf3 c6 3. e3 d5 4. b3 Bf5 5. Bd3 Bxd3 6. Qxd3 Nbd7 7. O-O Qc7 8. Bb2 e6 9. Nbd2 Bd6 10. c4 O-O 11. Rac1 Rfe8 12. Rfe1 e5 13. dxe5 Nxe5 14. Nxe5 Bxe5 15. Bxe5 Qxe5 16. Nf3 Qh5 17. Red1 h6 18. cxd5 Nxd5 19. Rc4 Nf6 20. Qc2 Qa5 21. Nd4 Rad8 22. Rc3 Qe5 23. Rcd3 Nd5 24. Qb1 f5 25. Nf3 Qf6 26. Qc1 Kh7 27. R1d2 g6 28. Qb2 Qe6 29. a3 f4 30. Rd1 fxe3 31. fxe3 Rd7 32. Qd2 Rf7 33. Re1 Qg4 34. Rd4 Qe6 35. e4 Nf4 36. b4 Qg4 37. Kh1 Qe6 38. e5 Nd5 39. Rh4 Kg8 40. Qxh6 Rh7 41. Qxh7+ Kf8 42. Ng5 Qf5 43. Kg1 Nf6 44. Qf7# 1-0

[Event "Ungdoms-DM U10 2024"]
[Site "Odense"]
[Date "2024.10.05"]
[Round "3.8"]
[White "Jacobsen, Samuel Bro"]
[Black "Christensen, Jarnis"]
[Result "1-0"]
[WhiteElo "1840"]
[BlackElo "1368"]
[WhiteFideId "1480740"]
[BlackFideId "1483285"]
[EventDate "2024.10.05"]
[EventType "swiss"]
[EventRounds "7"]
[EventCountry "DEN"]
[SourceTitle "Live v. Kasper Jerwiarz"]

1. e4 d5 2. exd5 Qxd5 3. Nc3 Qa5 4. d4 Nc6 5. Nf3 e5 6. d5 Nd4 7. Nxe5 Bf5 8. Qxd4 Bxc2 9. Bb5+ Ke7 10. Bg5+ f6 11. Qc5+ Kd8 12. Qxf8# 1-0

[Event "Ungdoms-DM U10 2024"]
[Site "Odense"]
[Date "2024.10.05"]
[Round "3.9"]
[White "Arnfred, Solal Hojlund"]
[Black "Elnegaard, Tristan Lund"]
[Result "1/2-1/2"]
[WhiteElo "1536"]
[BlackElo "1765"]
[WhiteFideId "1477757"]
[BlackFideId "1480707"]
[EventDate "2024.10.05"]
[EventType "swiss"]
[EventRounds "7"]
[EventCountry "DEN"]
[SourceTitle "Live v. Kasper Jerwiarz"]

1. d4 Nc6 2. Bf4 h5 3. Nf3 e6 4. c4 Bb4+ 5. Nc3 Nf6 6. a3 Bxc3+ 7. bxc3 d5 8. Ne5 Nxe5 9. Bxe5 c6 10. Qa4 Ne4 11. Qb4 f6 12. Bg3 Qb6 13. e3 g5 14. h3 Nxg3 15. fxg3 e5 16. Qxb6 axb6 17. cxd5 cxd5 18. Bb5+ Bd7 19. Bxd7+ Kxd7 20. O-O Ke6 21. Rab1 Ra6 22. Rb3 Rc8 23. h4 b5 24. Kh2 g4 25. Re1 Kf5 26. Kg1 Ke4 27. Rc1 Kxe3 28. Rcb1 exd4 29. c4+ d3 30. cxb5 Ra4 31. Kf1 d4 32. Rd1 Rc3 33. Re1+ Kd2 34. Rbb1 Rac4 35. Red1+ Ke3 36. Re1+ Kd2 37. Red1+ Kc2 38. Rdc1+ 1/2-1/2

[Event "Ungdoms-DM U10 2024"]
[Site "Odense"]
[Date "2024.10.05"]
[Round "3.10"]
[White "Jorgensen, August Ronbak"]
[Black "Saravanan, Saidarshish"]
[Result "1-0"]
[WhiteElo "1509"]
[BlackElo "1573"]
[WhiteFideId "1483153"]
[BlackFideId "1477790"]
[EventDate "2024.10.05"]
[EventType "swiss"]
[EventRounds "7"]
[EventCountry "DEN"]
[SourceTitle "Live v. Kasper Jerwiarz"]

1. e4 e5 2. Nf3 Nc6 3. Bc4 g6 4. d3 Bg7 5. Ng5 Nh6 6. O-O O-O 7. c3 d6 8. Be3 Na5 9. Bb5 c6 10. Ba4 c5 11. Qd2 c4 12. Nf3 Ng4 13. Bg5 Nf6 14. Bh6 cxd3 15. Bxg7 Kxg7 16. Qxd3 Qb6 17. Nbd2 Qxb2 18. Qxd6 Qxc3 19. Nxe5 Be6 20. Rfc1 Rad8 21. Qxd8 Qxc1+ 22. Rxc1 Rxd8 23. Ndf3 Nxe4 24. Rc7 Bxa2 25. Bc2 Nd2 26. Ng5 Kf6 27. Nexf7 Bxf7 28. Nxf7 Ndc4 29. Nxd8 1-0

[Event "Ungdoms-DM U10 2024"]
[Site "Odense"]
[Date "2024.10.05"]
[Round "4.7"]
[White "Hagen, Frida Bjerregaard"]
[Black "Jacobsen, Samuel Bro"]
[Result "0-1"]
[WhiteElo "1607"]
[BlackElo "1840"]
[WhiteFideId "1472089"]
[BlackFideId "1480740"]
[EventDate "2024.10.05"]
[EventType "swiss"]
[EventRounds "7"]
[EventCountry "DEN"]
[SourceTitle "Live v. Kasper Jerwiarz"]

1. d4 Nf6 2. Nf3 e6 3. e3 d5 4. Be2 c5 5. O-O Bd6 6. dxc5 Bxc5 7. b3 O-O 8. Bb2 Nc6 9. Nbd2 Re8 10. c4 b6 11. Rc1 Bb7 12. Qc2 Nb4 13. Qb1 dxc4 14. Nxc4 Ne4 15. Rfd1 Qc8 16. Qa1 f6 17. Bd3 Nxd3 18. Rxd3 e5 19. b4 Qg4 20. h3 Qg6 21. Rd7 Bc8 22. Rdd1 Bxb4 23. Kf1 Ba6 24. a3 Bf8 25. Qa2 Qf7 26. Qb3 Rac8 27. Kg1 Bxc4 28. Qa4 b5 29. Qa5 Nc5 30. Rb1 Bd3 31. Ra1 Nb3 32. Qe1 Bc2 33. Rd2 Nxd2 34. Qxd2 Qb3 35. Bc1 Red8 36. Qa5 Qc3 37. Qxc3 Rxc3 38. Bb2 Rb3 39. Bc1 Rd1+ 40. Kh2 Rb1 41. Rxb1 Bxb1 42. Bb2 b4 43. axb4 Bxb4 44. Kg3 a5 45. Nh4 a4 46. Ba1 a3 47. Nf3 Be4 48. Nh4 g5 49. Nf3 Bxf3 50. Kxf3 Rxa1 0-1

[Event "Ungdoms-DM U10 2024"]
[Site "Odense"]
[Date "2024.10.05"]
[Round "4.8"]
[White "Elnegaard, Tristan Lund"]
[Black "Chen, Isabella"]
[Result "1-0"]
[WhiteElo "1765"]
[BlackElo "1647"]
[WhiteFideId "1480707"]
[BlackFideId "1481690"]
[EventDate "2024.10.05"]
[EventType "swiss"]
[EventRounds "7"]
[EventCountry "DEN"]
[SourceTitle "Live v. Kasper Jerwiarz"]

1. e4 e5 2. Nf3 Nc6 3. d4 exd4 4. Bc4 Nf6 5. O-O d5 6. exd5 Nxd5 7. Nxd4 Bc5 8. Re1+ Nce7 9. Nb3 Nb4 10. Bxf7+ Kxf7 11. Qh5+ g6 12. Qxc5 Qd6 13. Qxd6 cxd6 14. Na3 Bf5 15. c3 Nd3 16. Rd1 Rhe8 17. Nc4 Rad8 18. Be3 b6 19. Nd4 Nc5 20. Nb5 Rf8 21. Nbxd6+ Ke6 22. Bxc5 bxc5 23. Re1+ Kd7 24. Rad1 Kc6 25. Rxe7 a6 26. Ne5+ Kb6 27. Rb7+ Ka5 28. Nec4+ Ka4 29. b3# 1-0

[Event "Ungdoms-DM U10 2024"]
[Site "Odense"]
[Date "2024.10.05"]
[Round "4.9"]
[White "Mikkelsen, Anders Askjaer"]
[Black "Arnfred, Solal Hojlund"]
[Result "1-0"]
[WhiteElo "1775"]
[BlackElo "1536"]
[WhiteFideId "1477765"]
[BlackFideId "1477757"]
[EventDate "2024.10.05"]
[EventType "swiss"]
[EventRounds "7"]
[EventCountry "DEN"]
[SourceTitle "Live v. Kasper Jerwiarz"]

1. e4 e6 2. d4 d5 3. exd5 exd5 4. c4 Nf6 5. Nc3 Bb4 6. Bg5 h6 7. Bxf6 Qxf6 8. Qa4+ Nc6 9. cxd5 Qxd4 10. Ne2 Bxc3+ 11. Nxc3 Qxa4 12. Nxa4 Nd4 13. O-O-O Nf5 14. Bb5+ Bd7 15. Rhe1+ Kd8 16. Bxd7 Kxd7 17. Nc5+ Kc8 18. Re5 Nd6 19. Rde1 b6 20. Ne4 Kb7 21. Nxd6+ cxd6 22. Re7+ Ka6 23. Rxf7 Rhc8+ 24. Kd2 Rc5 25. Re6 Rxd5+ 26. Ke3 Rg5 27. g3 Kb5 28. f4 Rh5 29. h4 Rd5 30. Rxg7 h5 31. Rg5 Kc4 32. b3+ Kc5 33. b4+ Kc4 34. Re4+ 1-0

[Event "Ungdoms-DM U10 2024"]
[Site "Odense"]
[Date "2024.10.05"]
[Round "4.10"]
[White "Christensen, Jarnis"]
[Black "Halgaard, Oliver Scott"]
[Result "0-1"]
[WhiteElo "1368"]
[BlackElo "1500"]
[WhiteFideId "1483285"]
[EventDate "2024.10.05"]
[EventType "swiss"]
[EventRounds "7"]
[EventCountry "DEN"]
[SourceTitle "Live v. Kasper Jerwiarz"]

1. d4 d6 2. e4 g6 3. Bc4 Bg7 4. Qf3 e6 5. d5 exd5 6. Bxd5 Qe7 7. Ne2 Nf6 8. Bg5 O-O 9. O-O c6 10. Bc4 Qxe4 11. Nd2 Qxf3 12. Nxf3 d5 13. Bd3 h6 14. Bxf6 Bxf6 15. Nf4 Bxb2 16. Rae1 Bg7 17. Re7 Nd7 18. Bxg6 fxg6 19. Nxg6 Rf6 20. Re8+ Kh7 21. Nfe5 Nxe5 22. Nxe5 Rf8 23. Re7 Bf5 24. Nd7 Bxd7 25. Rxd7 b5 26. Re1 Rfe8 27. Rxe8 Rxe8 28. g3 a5 29. Rc7 Re6 30. f4 a4 31. g4 Kg8 32. h4 Bf6 33. g5 hxg5 34. fxg5 Bd8 35. Rb7 Re7 36. Rb8 Rd7 37. g6 Kg7 38. h5 Kh6 39. Kf2 Kxh5 40. g7 Rxg7 41. Rxd8 Re7 42. Rg8 c5 43. Kf3 Re4 44. Rh8+ Kg5 45. Ra8 Rf4+ 46. Ke3 Re4+ 47. Kf3 Kf5 48. Ra5 Rb4 49. c3 Rb2 50. Ke3 Ke5 51. a3 d4+ 52. Kd3 Rb3 53. Kc2 Rxc3+ 54. Kd2 Rb3 55. Kc1 d3 56. Ra6 Kd4 57. Rd6+ Kc4 58. Kd2 Rb2+ 59. Kc1 Kc3 60. Kd1 Rb1# 0-1

[Event "Ungdoms-DM U10 2024"]
[Site "Odense"]
[Date "2024.10.06"]
[Round "5.7"]
[White "Jacobsen, Samuel Bro"]
[Black "Elnegaard, Tristan Lund"]
[Result "0-1"]
[WhiteElo "1840"]
[BlackElo "1765"]
[WhiteFideId "1480740"]
[BlackFideId "1480707"]
[EventDate "2024.10.05"]
[EventType "swiss"]
[EventRounds "7"]
[EventCountry "DEN"]
[SourceTitle "Live v. Kasper Jerwiarz"]

1. e4 e6 2. d4 c5 3. c3 d5 4. exd5 exd5 5. Nf3 Nf6 6. Bd3 Be7 7. O-O O-O 8. Bf4 Nc6 9. h3 Be6 10. Re1 Qb6 11. Qd2 Rfe8 12. Na3 cxd4 13. cxd4 Bb4 14. Qc2 Bxe1 15. Rxe1 a6 16. Be5 Nb4 17. Qb3 Qa5 18. Bb1 Ne4 19. Qe3 f6 20. Bh2 Bf7 21. Nd2 Nd6 22. Bxd6 Rxe3 23. Rxe3 Nc6 24. Nb3 Qd8 25. Bg3 b6 26. Rc3 Na5 27. Nxa5 bxa5 28. Bd3 a4 29. Bc7 Qd7 30. Rc5 Rc8 31. Bd6 Rc6 32. Bg3 Qb7 33. Nc2 Qb6 34. Rxc6 Qxc6 35. a3 Bg6 36. Bxg6 hxg6 37. Nb4 Qc1+ 38. Kh2 Qxb2 39. Nxd5 Qxd4 40. Nc7 Qd3 41. f4 Qxa3 42. f5 gxf5 43. h4 Qd3 44. h5 Qc4 45. h6 f4 46. Bxf4 Qxf4+ 47. Kh3 Qxc7 48. h7+ Kxh7 49. Kg4 a3 50. Kf5 Qe5+ 51. Kg4 Qe4+ 52. Kh3 Qf4 53. g3 Qf3 54. Kh4 g5+ 55. Kh3 a2 56. Kh2 g4 57. Kg1 a1=Q+ 58. Kh2 Qah1# 0-1

[Event "Ungdoms-DM U10 2024"]
[Site "Odense"]
[Date "2024.10.06"]
[Round "5.8"]
[White "Jorgensen, August Ronbak"]
[Black "Mikkelsen, Anders Askjaer"]
[Result "0-1"]
[WhiteElo "1509"]
[BlackElo "1775"]
[WhiteFideId "1483153"]
[BlackFideId "1477765"]
[EventDate "2024.10.05"]
[EventType "swiss"]
[EventRounds "7"]
[EventCountry "DEN"]
[SourceTitle "Live v. Kasper Jerwiarz"]

1. e4 e6 2. d4 d5 3. Nc3 Nf6 4. f3 a6 5. Bd2 c5 6. Nge2 Nc6 7. dxc5 Bxc5 8. Nf4 dxe4 9. Nxe4 Nxe4 10. fxe4 Qd4 11. Qe2 Qxb2 12. Rd1 Nd4 13. Qh5 Nxc2+ 14. Ke2 Ba7 15. Bc1 Qb6 16. Qf3 Nd4+ 17. Rxd4 Qxd4 18. Be3 Qxe3+ 19. Qxe3 Bxe3 20. Kxe3 Ke7 21. Bd3 Bd7 22. Re1 Rac8 23. Rb1 b5 24. a4 Rb8 25. axb5 Bxb5 26. Bxb5 Rxb5 27. Ra1 a5 28. Kd4 e5+ 29. Kc4 Rb4+ 30. Kc5 exf4 31. Rxa5 Rxe4 32. Ra7+ Kf6 33. Kd5 Re5+ 34. Kd4 Rd8+ 35. Kc4 Re2 36. Ra3 Rxg2 37. Rf3 g5 38. h4 h6 39. hxg5+ hxg5 40. Ra3 g4 41. Ra6+ Kg5 42. Ra5+ Kh4 43. Ra6 f3 44. Rh6+ Kg3 45. Rh1 f2 46. Rf1 Rg1 0-1

[Event "Ungdoms-DM U10 2024"]
[Site "Odense"]
[Date "2024.10.06"]
[Round "5.9"]
[White "Halgaard, Oliver Scott"]
[Black "Hagen, Frida Bjerregaard"]
[Result "0-1"]
[WhiteElo "1500"]
[BlackElo "1607"]
[BlackFideId "1472089"]
[EventDate "2024.10.05"]
[EventType "swiss"]
[EventRounds "7"]
[EventCountry "DEN"]
[SourceTitle "Live v. Kasper Jerwiarz"]

1. d4 d5 2. c4 e6 3. g3 Nf6 4. Bg2 Be7 5. Nc3 O-O 6. a3 b6 7. Nf3 Bb7 8. Ne5 Nbd7 9. Bf4 c5 10. Nxd7 Qxd7 11. O-O dxc4 12. dxc5 Bxg2 13. Qxd7 Nxd7 14. Kxg2 Nxc5 15. Nb5 Bf6 16. Rab1 a6 17. Nc3 b5 18. Bd6 Rfc8 19. e4 Bxc3 20. bxc3 Nxe4 21. Bf4 Nxc3 22. Bd2 Nxb1 23. Rxb1 Rd8 24. Be1 Rd3 25. Rc1 Rad8 26. Ba5 R8d7 27. Bb4 Rd1 28. Rc2 h6 29. h3 Rc7 30. Ba5 Rc6 31. Bb4 Rd3 32. Rc1 c3 33. Rc2 e5 34. Kf1 f6 35. Ke2 e4 36. g4 Kf7 37. h4 Ke6 38. Ba5 Kd5 39. Bb4 Kc4 40. Ke1 Kb3 41. Re2 c2 42. Rxc2 Rxc2 43. Kf1 e3 44. fxe3 Rxe3 45. Bc5 Rxc5 46. Kf2 Rh3 47. Kg2 Rcc3 48. h5 Rhd3 49. Kf2 Rc2+ 50. Ke1 Rh3 51. a4 Rh1# 0-1

[Event "Ungdoms-DM U10 2024"]
[Site "Odense"]
[Date "2024.10.06"]
[Round "5.10"]
[White "Arnfred, Solal Hojlund"]
[Black "Elcer, Spencer Skoubo"]
[Result "1-0"]
[WhiteElo "1536"]
[BlackElo "1534"]
[WhiteFideId "1477757"]
[BlackFideId "1480820"]
[EventDate "2024.10.05"]
[EventType "swiss"]
[EventRounds "7"]
[EventCountry "DEN"]
[SourceTitle "Live v. Kasper Jerwiarz"]

1. d4 Nf6 2. c4 d5 3. Nc3 e6 4. Bf4 c5 5. Nf3 Nc6 6. e3 Qb6 7. Na4 Qb4+ 8. Nc3 Qxb2 9. Qc1 Qxc1+ 10. Rxc1 b6 11. Nb5 Kd7 12. Ne5+ Nxe5 13. Bxe5 Bb7 14. cxd5 Bxd5 15. Nc7 Rc8 16. Na6 Be7 17. Bb5+ Kd8 18. O-O Bxa2 19. dxc5 bxc5 20. Nb8 Bd5 21. Ba6 Rxb8 22. Bxb8 Kd7 23. Bxa7 Ra8 24. Ra1 Bc6 25. Rfd1+ Kc7 26. Be2 Ne4 27. Bf3 Nc3 28. Rdc1 Bf6 29. Kf1 Nb5 30. Bb6+ Kb8 31. Rxa8+ Bxa8 32. Bxa8 Kxa8 33. Bxc5 Bb2 34. Rb1 Nc3 35. Rxb2 g6 36. Rc2 1-0

[Event "Ungdoms-DM U10 2024"]
[Site "Odense"]
[Date "2024.10.06"]
[Round "6.7"]
[White "Elnegaard, Tristan Lund"]
[Black "Hagen, Frida Bjerregaard"]
[Result "1-0"]
[WhiteElo "1765"]
[BlackElo "1607"]
[WhiteFideId "1480707"]
[BlackFideId "1472089"]
[EventDate "2024.10.05"]
[EventType "swiss"]
[EventRounds "7"]
[EventCountry "DEN"]
[SourceTitle "Live v. Kasper Jerwiarz"]

1. e4 e6 2. d4 d5 3. Nc3 Nf6 4. e5 Nfd7 5. Nf3 c5 6. Bb5 a6 7. Bxd7+ Bxd7 8. O-O Be7 9. Be3 cxd4 10. Nxd4 O-O 11. Qg4 Re8 12. f4 Nc6 13. Rf3 Nxd4 14. Bxd4 Bh4 15. Rh3 Be7 16. Rd1 Bf8 17. Ne2 Qc7 18. c3 b5 19. Rdd3 a5 20. Rdg3 b4 21. Qh5 Bc5 22. Qxh7+ Kf8 23. Qxg7+ Ke7 24. Qf6+ Kf8 25. Rh8# 1-0

[Event "Ungdoms-DM U10 2024"]
[Site "Odense"]
[Date "2024.10.06"]
[Round "6.8"]
[White "Mikkelsen, Anders Askjaer"]
[Black "Jacobsen, Samuel Bro"]
[Result "0-1"]
[WhiteElo "1775"]
[BlackElo "1840"]
[WhiteFideId "1477765"]
[BlackFideId "1480740"]
[EventDate "2024.10.05"]
[EventType "swiss"]
[EventRounds "7"]
[EventCountry "DEN"]
[SourceTitle "Live v. Kasper Jerwiarz"]

1. e4 c5 2. Nf3 Nc6 3. Bc4 e6 4. c3 d5 5. exd5 exd5 6. Bb3 Bd6 7. d4 cxd4 8. cxd4 Nf6 9. Nc3 Be6 10. Bg5 Be7 11. O-O O-O 12. Re1 h6 13. Bh4 Re8 14. Qd2 a6 15. Bg3 Bb4 16. Bc2 Rc8 17. Rac1 Na5 18. Ne5 Nc4 19. Nxc4 Rxc4 20. Be5 Nd7 21. Qd3 g6 22. Qd2 Kh7 23. Bd3 Nxe5 24. Rxe5 Rc6 25. Rh5 Qf6 26. Rxh6+ Kg7 27. h4 Bg4 28. Kh1 Rce6 29. Rf1 Bh5 30. Qg5 Bxc3 31. bxc3 Qxg5 32. hxg5 Re1 33. f3 f6 34. f4 fxg5 35. fxg5 Rxf1+ 36. Bxf1 Re4 37. Kh2 Rg4 38. Be2 Rxg5 39. Bxh5 Kxh6 40. Bf3 Rf5 41. Kg3 g5 42. Kg4 Kg6 43. Kg3 b5 44. Kg4 Rf4+ 45. Kg3 b4 46. cxb4 Rxd4 47. Kf2 Kf5 48. Ke3 Ke5 49. a3 a5 50. bxa5 Ra4 51. Kf2 Rxa5 52. Kg3 d4 53. Kg4 Rxa3 54. Kxg5 Rxf3 55. gxf3 d3 56. f4+ Kd6 57. Kg6 d2 58. f5 d1=Q 59. f6 Ke6 60. f7 Qg4+ 61. Kh7 Kxf7 0-1

[Event "Ungdoms-DM U10 2024"]
[Site "Odense"]
[Date "2024.10.06"]
[Round "6.9"]
[White "Berglund, Viktor Markvard"]
[Black "Arnfred, Solal Hojlund"]
[Result "1-0"]
[WhiteElo "1437"]
[BlackElo "1536"]
[WhiteFideId "1481622"]
[BlackFideId "1477757"]
[EventDate "2024.10.05"]
[EventType "swiss"]
[EventRounds "7"]
[EventCountry "DEN"]
[SourceTitle "Live v. Kasper Jerwiarz"]

1. e4 e6 2. Nf3 d5 3. exd5 exd5 4. Nc3 Nf6 5. Bb5+ c6 6. Ba4 Bc5 7. O-O O-O 8. d4 Bb6 9. Bg5 h6 10. Bh4 Bf5 11. h3 Nbd7 12. Re1 Re8 13. Rxe8+ Qxe8 14. a3 Ne4 15. Qe1 Nxc3 16. Qxc3 Rc8 17. Re1 Be4 18. Nd2 Qf8 19. Nxe4 dxe4 20. Rxe4 Qd6 21. Bg3 Qg6 22. Rg4 Qe6 23. d5 Qxd5 24. Qxg7# 1-0

[Event "Ungdoms-DM U10 2024"]
[Site "Odense"]
[Date "2024.10.06"]
[Round "6.10"]
[White "Saravanan, Saidarshish"]
[Black "Chen, Isabella"]
[Result "1/2-1/2"]
[WhiteElo "1573"]
[BlackElo "1647"]
[WhiteFideId "1477790"]
[BlackFideId "1481690"]
[EventDate "2024.10.05"]
[EventType "swiss"]
[EventRounds "7"]
[EventCountry "DEN"]
[SourceTitle "Live v. Kasper Jerwiarz"]

1. e4 e5 2. Nf3 Nc6 3. c3 Nf6 4. d4 exd4 5. e5 Nd5 6. cxd4 Bb4+ 7. Bd2 Bxd2+ 8. Qxd2 O-O 9. Bc4 Nb6 10. Bb5 d6 11. exd6 Re8+ 12. Be2 Qxd6 13. O-O Bg4 14. Rd1 Bxf3 15. Bxf3 Nxd4 16. Qd3 Rad8 17. Nc3 Nxf3+ 18. Qxf3 Qc6 19. Rxd8 Rxd8 20. Qe3 Qe6 21. Qf3 Re8 22. h3 Qc6 23. Qg3 Qd6 24. Qg4 Qd2 25. Rb1 Re1+ 26. Rxe1 Qxe1+ 27. Kh2 Qxf2 28. Nd5 g6 29. Nxb6 Qxb6 30. b3 Qd6+ 31. Kg1 Qc5+ 32. Kh2 Qe5+ 33. Kg1 Qa1+ 34. Kh2 Qxa2 35. Qc8+ Kg7 36. Qxb7 Qa5 37. Qf3 Qf5 38. Qc3+ Qf6 39. Qxc7 Qb6 40. Qc3+ f6 41. b4 Qd6+ 42. g3 Qe5 43. Qd2 Qe7 44. h4 h5 45. Kh3 Qe6+ 46. Kh2 Qf5 47. Kg2 g5 48. hxg5 fxg5 49. Qd4+ Kg6 50. Qxa7 Qe4+ 51. Kh2 Qe2+ 52. Kh1 Qe1+ 53. Kh2 Qd2+ 54. Kg1 Qxb4 55. Qa6+ Kf5 56. Qc8+ Ke4 57. Qe8+ Kf3 58. Qxh5+ g4 59. Qh1+ Kxg3 60. Qh2+ Kf3 61. Qg2+ Kf4 1/2-1/2